Представление документа в формате RUSMARC

ПолеНазваниеЗначение
  Тип записи a
  Библиографический уровень m
001 Контрольный номер RU\bookru\bibl\919001
003 Постоянный идентификатор записи http://www.book.ru/book/919001
005 Дата корректировки 20161026112409.5
010 Индекс ISBN __
a ISBN 978-5-406-04101-7
100 Данные общей обработки 0_
a Данные общей обработки 20151025d2015 mk y0rusy50 ca
101 Язык документа 0_
a Язык текста Русский
102 Страна публикации __
a Страна публикации RU
105 Кодированные данные (монография) __
a Кодированные данные (монография) y ||||000yy
200 Заглавие и сведения об ответственности 1_
a Заглавие Основы теории экономических игр
210 Выходные данные __
a Место издания Москва
c Издательство КноРус
d Дата издания 2015
215 Физическое описание __
a Объем 208
330 Аннотация __
a Аннотация В простой и доступной форме изложены основы теории игр и рассмотрены ее многочисленные приложения в экономике, управлении и бизнесе. Подробно представлена логика теоретико-игрового анализа. Рассмотрены такие классы игр, которые имеют отчетливые и понятные практические приложения. Учебное пособие включает в себя более 150 практических примеров, задач и упражнений. Для студентов экономических специальностей и направлений, а также для всех, кто интересуется методами принятия стратегических решений.
606 Тематические рубрики __
a Основная рубрика Экономические науки в целом. Экономическая теория
2 Код системы local
608 Указатель предметных рубрик __
a Жанр/форма Учебное пособие
2 Код системы local
675 Индекс УДК __
a Индекс УДК 330(075.8)
z Язык издания rus
686 Индексы других классификаций __
a Классификационный индекс 65.5я73
2 Код системы rubbk
700 Автор _1
a Фамилия Дубина И.Н.
801 Источник записи _1
a Страна RU
b Организация book_ru
c Дата составления 20151025
g Правила каталогизации RCR
856 Электронный адрес документа 4_
u Универсальный указатель ресурса (URL) http://www.book.ru/book/919001
951 __
a http://www.book.ru/book/919001